Thảm kịch Titanic Ba tiếng đồng hồ cuối cùng của con tàu định mệnh
Enregistré dans:
| Auteur principal: | |
|---|---|
| Format: | Livre |
| Langue: | Undetermined |
| Publié: |
Hà Nội
VHTT
2000
|
| Sujets: | |
| Tags: |
Ajouter un tag
Pas de tags, Soyez le premier à ajouter un tag!
|
| Thư viện lưu trữ: | Trung tâm Học liệu Trường Đại học Cần Thơ |
|---|
| LEADER | 00621nam a2200181Ia 4500 | ||
|---|---|---|---|
| 001 | CTU_39254 | ||
| 008 | 210402s9999 xx 000 0 und d | ||
| 082 | |a 813.5 | ||
| 082 | |b S359 | ||
| 100 | |a Wolf Schneider | ||
| 245 | 0 | |a Thảm kịch Titanic | |
| 245 | 0 | |b Ba tiếng đồng hồ cuối cùng của con tàu định mệnh | |
| 245 | 0 | |c Wolf Schneider; Dịch giả: Hữu Khôi | |
| 260 | |a Hà Nội | ||
| 260 | |b VHTT | ||
| 260 | |c 2000 | ||
| 650 | |a american fiction - 20th century ( vietnamese ),american literature - 20th century | ||
| 980 | |a Trung tâm Học liệu Trường Đại học Cần Thơ | ||